| 000 | 00963nam a22002417a 4500 | ||
|---|---|---|---|
| 001 | 3480 | ||
| 003 | FISKH | ||
| 005 | 20240312130957.0 | ||
| 008 | 240312b cb ||||| |||| 00| 0 eng d | ||
| 040 |
_aFISK _beng _cFISK _dFISK |
||
| 050 | _aPS3553.L365 | ||
| 082 | _a813 | ||
| 100 |
_aClavell James _d1921-1994 |
||
| 245 |
_aTai-pan / _cJames Clavell |
||
| 260 |
_aCanada : _bJames Clavell, _c1966 |
||
| 300 |
_a732 pages : _c18 cm |
||
| 505 | _aO | ||
| 520 | _a"It is the early 19th century, when European traders and adventurers first began to penetrate the forbidding Chinese mainland. And it is in this exciting time and exotic place that a giant of an Englishman, Dirk Straun, sets out to turn the desolate island of Hong Kong into an impregnable fortress of British power, and to make himself supreme ruler-- Tai-Pan!"--P. [4] of cover. | ||
| 521 | 8 |
_aestimates, _bLexiles |
|
| 700 | _aJames Clavell | ||
| 942 |
_2ddc _cBK _n0 |
||
| 999 |
_c3480 _d3480 |
||